UBT Library

WOMEN IN LOVE (Record no. 60644)

000 -LEADER
fixed length control field 00333nam a22001457a 4500
008 - FIXED-LENGTH DATA ELEMENTS--GENERAL INFORMATION
fixed length control field 250417b ||||| |||| 00| 0 eng d
020 ## - INTERNATIONAL STANDARD BOOK NUMBER
International Standard Book Number 9781847498984
041 ## - LANGUAGE CODE
Language code of text/sound track or separate title eng
080 ## - UNIVERSAL DECIMAL CLASSIFICATION NUMBER
Edition identifier 1921
Universal Decimal Classification number 82
082 ## - DEWEY DECIMAL CLASSIFICATION NUMBER
Edition number 82LAW
Classification number 82LAW
100 ## - Rafti
Rafti 01
101 ## - Shkurtesa
Shkurtesa GJUHE DHE LETERSI
245 ## - TITLE STATEMENT
Title WOMEN IN LOVE
Statement of responsibility, etc D.H.LAWRENCE
942 ## - ADDED ENTRY ELEMENTS (KOHA)
Source of classification or shelving scheme
Item type Books
Holdings
Withdrawn status Lost status Source of classification or shelving scheme Damaged status Not for loan Collection code Permanent location Current location Date acquired Total Checkouts Full call number Barcode Date last seen Price effective from Koha item type
          Koleksioni i përgjithshem UBT - Lipjan UBT - Lipjan 04/17/2025   82LAW 002-800070970 04/17/2025 04/17/2025 Books
UBT Library © 2015-2024. All rights reserved University Education for Business and Technology